000
00278nam a22000977a 4500
008
230731b xxu||||| |||| 00| 0 eng d
245
_a
World Report on Knowledge for Better Health
_b
Strengthening Health Systems
260
_a
Geneva
_b
WHO
_c
2004
300
_a
XV,146p
942
_2
ddc
_c
BK
999
_c
4025
_d
4025